Perspectives of the European Integration Development

Európska únia založená na Lisabonskej zmluve musí prejsť dôkladnou revíziou, aby sa stala odolnejšou v náročných testoch, ktoré musí podpstupovať. Vlaňajšie referendum o členstvo Veľkej Británie v EÚ, v ktorom občania hlasovali za odchod z Únie, odštartovalo obdobie neistoty a možnú dezintegráciu EÚ...

ver descrição completa

Na minha lista:
Detalhes bibliográficos
Autor principal: Navrátil, Boris
Formato: Capítulo de Livro
Idioma:inglês
Assuntos:
Tags: Adicionar Tag
Sem tags, seja o primeiro a adicionar uma tag!

MARC

LEADER 00000nla a2200000 4500
001 0243099
005 20240417075139.1
041 0 |a eng 
044 |a SK 
245 1 0 |a Perspectives of the European Integration Development  |c Boris Navrátil 
520 |a Európska únia založená na Lisabonskej zmluve musí prejsť dôkladnou revíziou, aby sa stala odolnejšou v náročných testoch, ktoré musí podpstupovať. Vlaňajšie referendum o členstvo Veľkej Británie v EÚ, v ktorom občania hlasovali za odchod z Únie, odštartovalo obdobie neistoty a možnú dezintegráciu EÚ. V mnohých krajinách sa prejavuje verejná frustrácia, hlavne tam, kde nedokážu čeliť výzvam globalizácie. Je však evidentné, že občania EÚ by boli na tom horšie, ak by sa Únia rozpadla. Malo by to dopad na hospodársky rast aj na kolektívnu bezpečnosť. Biela kniha obsahuje 5 scenárov možného vývoja do roku 2025. 
610 2 0 |a Európska únia 
610 2 0 |a integrácia ekonomická medzinárodná 
610 2 0 |a spolupráca hospodárska medzinárodná 
610 2 0 |a vzťahy medzinárodné 
100 1 |a Navrátil, Boris